000 02371 a2200229 4500
001 24538
005 20260407155529.0
008 260407a2011 arg spa d
003 AR-UNSa-BCEJYS
040 _aAR-UNSa-BCEJYS
_bspa
_cAR-UNSa-BCEJYS
080 _a304.9
_xCrítica de la situación social. Planes para la mejora de la sociedad. Utopías sociales
245 1 0 _aLecturas sobre políticas sociales en Argentina
_pelementos jurídicos y económicos para la reflexión
020 _a978-987-1732-35-7
264 1 _aMar del Plata :
_bEdiciones Suárez
_c2011
300 _a290 p.
_c22 cm.
505 _aParte I : Estado y sociedad civil en la historia de las políticas sociales argentinas : 1. La expansión del Estado, las necesidades sociales y la división social del trabajo : elementos para una reflexión - 2. Las políticas sociales como instrumentos de una elite hegemónica para la construcción de un Estado liberal - 3. Actores sociales y políticos frente a factores sociales y económicos : El dilema del Estado y la sociedad civil en la Argentina anterior al "Estado social" - 4. La ayuda social como instrumento de legitimación : Una comparación de dos modelos contrapuestos - Parte II : Tópicos en políticas de salud, trabajo y educación : 5. El sistema de saluden la Argentina : historia y desafios a futuros - 6. Análisis comparativos de modelos de regulación laboral y notas sobre el contrato individual en Argentina - 7. El sistema educativo argentino - 8. Pautas para la construcción de un seguro nacional de salud - 9. El sistema de relaciones colectivas de trabajo - 10. La descentralización de las Universidades Nacionales y las finanzas públicas provinciales : Implicancia de su tranferencia - 11. Los desafios en torno a las políticas de medicamentos genéricos y formularios terapéuticos - Parte III : Elementos para el diagnóstico y la orientación de politicas sociales : 12. Elementos articuladores en los pardigmas de la política social - 13. Elementos del debate teórico- metodológico en torno a la nación de pobreza.
942 _cBK
590 _aniveau_biblio:m niveau_hierar:0
100 1 _aLacaze, María Victoria
700 1 _aBostiancic, María Carla
856 4 1 _uhttps://biblioeco.unsa.edu.ar/pmb/images/libros/Lecturas sobre pol?ticas sociales en Argentina-l118620.jpg
_yImagen de portada
_qimage/jpeg
999 _c1200
_d1200